[Event "39. Open Ciutat de Badalona 2013"]
[Site "Badalona ESP"]
[Date "2013.08.06"]
[Round "5.6"]
[White "Jerez Perez, Alfonso"]
[Black "Perez Mitjans, Orelvis"]
[Result "1-0"]
[WhiteElo "2377"]
[BlackElo "2475"]
[PlyCount "75"]
[EventDate "2013.08.02"]
[EventType "swiss"]
[EventRounds "9"]
[EventCountry "ESP"]
[SourceTitle "Ajedrez en Madrid"]
[Source "lmi"]
[SourceDate "2013.08.02"]
[SourceVersion "1"]
[SourceVersionDate "2018.07.18"]
[SourceQuality "1"]

1. e4 e6 2. d4 d5 3. Nd2 Nf6 4. e5 Nfd7 5. Bd3 c5 6. c3 Nc6 7. Ne2 cxd4 8. cxd4
f6 9. exf6 Nxf6 10. Nf3 Bd6 11. O-O Qc7 12. Bg5 O-O 13. Nc3 a6 14. Bh4 Nh5 15.
Rc1 Bd7 16. Na4 Rae8 17. Nc5 Bc8 18. Re1 g6 19. Bf1 Qg7 20. Bg3 Nxg3 21. hxg3
g5 22. Nb3 g4 23. Nh2 h5 24. Bxa6 h4 25. Qxg4 hxg3 26. Qxg7+ Kxg7 27. Nf3 Nb4
28. Bb5 Nxa2 29. Bxe8 Nxc1 30. Nxc1 gxf2+ 31. Kxf2 Rxe8 32. Nd3 Bd7 33. Nfe5
Ba4 34. Re3 Bc2 35. Rg3+ Kh7 36. Rh3+ Kg7 37. Rg3+ Kh7 38. Nf4 1-0

[Event "39. Open Ciutat de Badalona 2013"]
[Site "Badalona ESP"]
[Date "2013.08.06"]
[Round "5.7"]
[White "Valdes Romero, Leonardo"]
[Black "Valsecchi, Alessio"]
[Result "0-1"]
[WhiteElo "2440"]
[BlackElo "2412"]
[PlyCount "76"]
[EventDate "2013.08.02"]
[EventType "swiss"]
[EventRounds "9"]
[EventCountry "ESP"]
[SourceTitle "Ajedrez en Madrid"]
[Source "lmi"]
[SourceDate "2013.08.02"]
[SourceVersion "1"]
[SourceVersionDate "2018.07.18"]
[SourceQuality "1"]

1. Nf3 Nf6 2. g3 d5 3. Bg2 e6 4. c4 dxc4 5. Qa4+ c6 6. Qxc4 b5 7. Qc2 Bb7 8.
Nc3 Nbd7 9. O-O Be7 10. a4 a6 11. d3 O-O 12. e4 Rc8 13. h3 a5 14. Rd1 Ba6 15.
Bf1 b4 16. Ne2 c5 17. Nf4 Nb8 18. Be3 Nfd7 19. Qb3 Bb7 20. Qa2 Kh8 21. Bg2 Qe8
22. h4 Nc6 23. Ne2 Ba6 24. Nc1 Nde5 25. Nxe5 Nxe5 26. Bf4 Bf6 27. Bxe5 Bxe5 28.
Nb3 Qd8 29. Rac1 Qb6 30. Bf1 h6 31. Kg2 f5 32. f4 fxe4 33. dxe4 c4 34. Nd2 Bxf4
35. Nxc4 Bxc4 36. Rxc4 Bxg3 37. Rd2 Rcd8 38. Rxd8 Qf2+ 0-1

[Event "39. Open Ciutat de Badalona 2013"]
[Site "Badalona ESP"]
[Date "2013.08.06"]
[Round "5.8"]
[White "Kjartansson, Gudmundur"]
[Black "Vehi Bach, Victor Manuel"]
[Result "1-0"]
[WhiteElo "2434"]
[BlackElo "2307"]
[PlyCount "69"]
[EventDate "2013.08.02"]
[EventType "swiss"]
[EventRounds "9"]
[EventCountry "ESP"]
[SourceTitle "Ajedrez en Madrid"]
[Source "lmi"]
[SourceDate "2013.08.02"]
[SourceVersion "1"]
[SourceVersionDate "2018.07.18"]
[SourceQuality "1"]

1. c4 e6 2. g3 d5 3. Nf3 dxc4 4. Bg2 Nf6 5. Qc2 Qd5 6. O-O Nc6 7. Na3 Bxa3 8.
bxa3 e5 9. Bb2 e4 10. Bxf6 gxf6 11. Nh4 f5 12. f3 Nd4 13. Qb2 Qe5 14. Qb1 e3
15. f4 Qe7 16. Qb2 c5 17. Rfe1 O-O 18. Rac1 Rb8 19. Rc3 exd2 20. Qxd2 Rd8 21.
Qb2 b5 22. e3 b4 23. axb4 Rxb4 24. Qc1 Nb5 25. Rxc4 Rxc4 26. Qxc4 Na3 27. Qc1
c4 28. e4 Qc5+ 29. Kh1 c3 30. exf5 c2 31. f6 Bg4 32. f5 Kh8 33. h3 Qc3 34. Kh2
Qd2 35. Qxd2 1-0

[Event "39. Open Ciutat de Badalona 2013"]
[Site "Badalona ESP"]
[Date "2013.08.06"]
[Round "5.9"]
[White "Gallego Alcaraz, Andres Felipe"]
[Black "Uribe Arteaga, Daniel"]
[Result "1/2-1/2"]
[WhiteElo "2421"]
[BlackElo "2266"]
[PlyCount "71"]
[EventDate "2013.08.02"]
[EventType "swiss"]
[EventRounds "9"]
[EventCountry "ESP"]
[SourceTitle "Ajedrez en Madrid"]
[Source "lmi"]
[SourceDate "2013.08.02"]
[SourceVersion "1"]
[SourceVersionDate "2018.07.18"]
[SourceQuality "1"]

1. d4 d5 2. c4 c6 3. Nc3 Nf6 4. Nf3 g6 5. cxd5 cxd5 6. g3 Bg7 7. Bg2 O-O 8. Ne5
e6 9. O-O Nfd7 10. f4 Nc6 11. Be3 Qb6 12. Qd2 f6 13. Nf3 Qb4 14. Bf2 Nb6 15. b3
e5 16. a3 Qd6 17. dxe5 fxe5 18. fxe5 Nxe5 19. Nxe5 Bxe5 20. Rad1 Be6 21. Nb5
Qd7 22. Nd4 Bh3 23. Bxh3 Qxh3 24. Nf3 Bc7 25. Ng5 Qg4 26. h3 Qd7 27. Bc5 Rf5
28. g4 Rxf1+ 29. Rxf1 Qc6 30. Bd4 Qd6 31. e3 Qg3+ 32. Kh1 Rf8 33. Rxf8+ Kxf8
34. Ne6+ Ke7 35. Nxc7 Qxc7 36. Qh2 1/2-1/2

[Event "39. Open Ciutat de Badalona 2013"]
[Site "Badalona ESP"]
[Date "2013.08.06"]
[Round "5.10"]
[White "Vocaturo, Daniele"]
[Black "Hernando Rodrigo, Julio Antoni"]
[Result "1-0"]
[WhiteElo "2549"]
[BlackElo "2327"]
[PlyCount "91"]
[EventDate "2013.08.02"]
[EventType "swiss"]
[EventRounds "9"]
[EventCountry "ESP"]
[SourceTitle "Ajedrez en Madrid"]
[Source "lmi"]
[SourceDate "2013.08.02"]
[SourceVersion "1"]
[SourceVersionDate "2018.07.18"]
[SourceQuality "1"]

1. e4 e6 2. d4 d5 3. Nc3 Bb4 4. e5 c5 5. a3 Ba5 6. Qg4 Ne7 7. dxc5 Bxc3+ 8.
bxc3 Qc7 9. Nf3 Nd7 10. Qxg7 Rg8 11. Qxh7 Nxe5 12. Bb5+ Bd7 13. Bxd7+ Kxd7 14.
Qh5 f5 15. Bf4 Nxf3+ 16. Qxf3 e5 17. Bg3 Rg4 18. O-O-O Qxc5 19. Bxe5 Qxa3+ 20.
Kd2 Rc8 21. Ra1 Qc5 22. Rhb1 Ke6 23. Re1 Re4 24. Bd4 Qc7 25. Qg3 Qxg3 26. hxg3
Nc6 27. Bxa7 Ne5 28. Rxe4 dxe4 29. Bd4 Nc4+ 30. Ke2 Nd6 31. Rb1 b5 32. Ke3 Rg8
33. Rh1 Kd5 34. Rh8 Rg6 35. Rd8 Rh6 36. Kf4 Kc6 37. Be5 Nc4 38. Rf8 Rh2 39.
Rxf5 e3 40. fxe3 Rxg2 41. Bd4 Rxc2 42. Rc5+ Kd6 43. Rxb5 Rf2+ 44. Ke4 Nd2+ 45.
Kd3 Rg2 46. Rb2 1-0

[Event "39. Open Ciutat de Badalona 2013"]
[Site "Badalona ESP"]
[Date "2013.08.07"]
[Round "6.1"]
[White "Fluvia Poyatos, Joan"]
[Black "Alsina Leal, Daniel"]
[Result "1-0"]
[WhiteElo "2491"]
[BlackElo "2538"]
[PlyCount "67"]
[EventDate "2013.08.02"]
[EventType "swiss"]
[EventRounds "9"]
[EventCountry "ESP"]
[SourceTitle "Ajedrez en Madrid"]
[Source "lmi"]
[SourceDate "2013.08.02"]
[SourceVersion "1"]
[SourceVersionDate "2018.07.18"]
[SourceQuality "1"]

1. e4 e6 2. d4 d5 3. Nc3 Bb4 4. e5 c5 5. a3 Ba5 6. b4 cxd4 7. Nb5 Bc7 8. f4 Bd7
9. Nxc7+ Qxc7 10. Nf3 Ba4 11. Bd3 Ne7 12. O-O Nbc6 13. b5 Na5 14. Qe1 Nc4 15.
Qb4 Nb6 16. Bb2 a6 17. f5 Bxb5 18. fxe6 fxe6 19. Bxb5+ axb5 20. Nxd4 Nc4 21.
Nxb5 Qd7 22. Nd6+ Nxd6 23. exd6 Ra4 24. Qb3 Ng6 25. Rae1 Rc4 26. Bxg7 Qxg7 27.
Rxe6+ Kd8 28. Ref6 Ne5 29. Qb6+ Kc8 30. Qa7 Kd8 31. Qa5+ Kd7 32. Qxd5 Kc8 33.
Qxe5 Kb8 34. d7+ 1-0

[Event "39. Open Ciutat de Badalona 2013"]
[Site "Badalona ESP"]
[Date "2013.08.07"]
[Round "6.2"]
[White "Dvirnyy, Danyyil"]
[Black "Lorenzo De La Riva, Lazaro"]
[Result "1-0"]
[WhiteElo "2549"]
[BlackElo "2449"]
[PlyCount "123"]
[EventDate "2013.08.02"]
[EventType "swiss"]
[EventRounds "9"]
[EventCountry "ESP"]
[SourceTitle "Ajedrez en Madrid"]
[Source "lmi"]
[SourceDate "2013.08.02"]
[SourceVersion "1"]
[SourceVersionDate "2018.07.18"]
[SourceQuality "1"]

1. Nf3 Nf6 2. c4 g6 3. g3 Bg7 4. Bg2 O-O 5. O-O c6 6. b3 d5 7. Bb2 a5 8. a3 Bg4
9. d3 Bxf3 10. Bxf3 e6 11. Qc2 Nbd7 12. Nd2 Ne8 13. Bxg7 Nxg7 14. Rfc1 Nf5 15.
Qb2 Qf6 16. Qxf6 Nxf6 17. e3 Rfd8 18. Be2 Ne7 19. f4 Nd7 20. Kf2 e5 21. cxd5
Nxd5 22. Bf3 exf4 23. gxf4 Ne7 24. Rab1 Kg7 25. Rc2 Nf6 26. d4 Nf5 27. Nc4 Nd6
28. Nxd6 Rxd6 29. Rd1 Ne8 30. d5 cxd5 31. Rxd5 Rxd5 32. Bxd5 Rb8 33. Rc5 b6 34.
Rc6 Rd8 35. Bc4 Rd6 36. Rc8 Nf6 37. Kf3 h5 38. Rc7 Rd7 39. Rxd7 Nxd7 40. Ke4
Nf6+ 41. Kd4 Kf8 42. e4 h4 43. Be2 Ke7 44. e5 Nd7 45. Bg4 f5 46. Bf3 Nc5 47.
Bd5 Na6 48. Bc4 Nc5 49. a4 Ne4 50. Kd5 g5 51. fxg5 Nxg5 52. Kc6 Nf3 53. Kxb6
Nxh2 54. b4 axb4 55. a5 Nf3 56. a6 h3 57. a7 h2 58. a8=Q h1=Q 59. Qb7+ Ke8 60.
Qf7+ Kd8 61. Qf8+ Kd7 62. e6# 1-0

[Event "39. Open Ciutat de Badalona 2013"]
[Site "Badalona ESP"]
[Date "2013.08.07"]
[Round "6.3"]
[White "Kjartansson, Gudmundur"]
[Black "Guerra Mendez, Jose Angel"]
[Result "1/2-1/2"]
[WhiteElo "2434"]
[BlackElo "2516"]
[PlyCount "88"]
[EventDate "2013.08.02"]
[EventType "swiss"]
[EventRounds "9"]
[EventCountry "ESP"]
[SourceTitle "Ajedrez en Madrid"]
[Source "lmi"]
[SourceDate "2013.08.02"]
[SourceVersion "1"]
[SourceVersionDate "2018.07.18"]
[SourceQuality "1"]

1. d4 Nf6 2. c4 e6 3. g3 d5 4. Nf3 dxc4 5. Bg2 Bb4+ 6. Bd2 a5 7. O-O O-O 8. Bg5
Nc6 9. e3 h6 10. Bxf6 Qxf6 11. a3 Bd6 12. Nc3 e5 13. d5 Na7 14. Qc2 b5 15. a4
Bd7 16. Nd2 Qe7 17. Rfd1 Rfb8 18. axb5 Nxb5 19. Na4 c3 20. Nc4 cxb2 21. Naxb2
Ra7 22. Rxa5 Na3 23. Qc1 Nxc4 24. Nxc4 Rab7 25. Qa1 Bb5 26. Ra7 Rxa7 27. Qxa7
Qd8 28. Nxd6 cxd6 29. Qa3 Be8 30. Be4 Ra8 31. Qc3 Rc8 32. Qb2 Rb8 33. Qc2 Rc8
34. Qe2 g6 35. h4 h5 36. Kh2 Kg7 37. Rb1 Rb8 38. Qa6 Rxb1 39. Bxb1 Qb8 40. Bd3
Bd7 41. Kg2 Kg8 42. Qa5 Kg7 43. Qa6 Kg8 44. Qa5 Kg7 1/2-1/2

[Event "39. Open Ciutat de Badalona 2013"]
[Site "Badalona ESP"]
[Date "2013.08.07"]
[Round "6.4"]
[White "Valsecchi, Alessio"]
[Black "Escobar Forero, Alder"]
[Result "1-0"]
[WhiteElo "2412"]
[BlackElo "2466"]
[PlyCount "91"]
[EventDate "2013.08.02"]
[EventType "swiss"]
[EventRounds "9"]
[EventCountry "ESP"]
[SourceTitle "Ajedrez en Madrid"]
[Source "lmi"]
[SourceDate "2013.08.02"]
[SourceVersion "1"]
[SourceVersionDate "2018.07.18"]
[SourceQuality "1"]

1. d4 Nf6 2. Nf3 d6 3. Nc3 Bf5 4. g3 h6 5. Bg2 d5 6. O-O e6 7. Bf4 c6 8. Nd2
Be7 9. e4 Bh7 10. Re1 O-O 11. a3 a5 12. Qe2 Re8 13. Rad1 a4 14. Nf1 Qb6 15. Bc1
dxe4 16. Nxe4 Nbd7 17. Nxf6+ Nxf6 18. Ne3 Bf8 19. c4 Qb3 20. Rd2 Rad8 21. Qd1
Qxd1 22. Nxd1 Rd7 23. Nc3 Ra8 24. Red1 Bf5 25. h3 g5 26. Re2 Bg7 27. Be3 Ne8
28. d5 cxd5 29. cxd5 Bxc3 30. bxc3 Rc8 31. g4 Bg6 32. Rd4 exd5 33. Rxd5 Re7 34.
Rd4 b5 35. Rb2 Nc7 36. Rd6 Be4 37. Bd4 Bxg2 38. Rxh6 f6 39. Kxg2 Nd5 40. Bxf6
Rh7 41. Rxh7 Kxh7 42. Bxg5 Nxc3 43. Bd2 Ne4 44. Bb4 Rc4 45. f3 Nf6 46. Rd2 1-0

[Event "39. Open Ciutat de Badalona 2013"]
[Site "Badalona ESP"]
[Date "2013.08.07"]
[Round "6.5"]
[White "Flores Rios, Mauricio"]
[Black "Jerez Perez, Alfonso"]
[Result "1/2-1/2"]
[WhiteElo "2519"]
[BlackElo "2377"]
[PlyCount "71"]
[EventDate "2013.08.02"]
[EventType "swiss"]
[EventRounds "9"]
[EventCountry "ESP"]
[SourceTitle "Ajedrez en Madrid"]
[Source "lmi"]
[SourceDate "2013.08.02"]
[SourceVersion "1"]
[SourceVersionDate "2018.07.18"]
[SourceQuality "1"]

1. Nf3 Nf6 2. c4 g6 3. Nc3 d5 4. cxd5 Nxd5 5. Qb3 Nb6 6. d4 Bg7 7. Bf4 O-O 8.
e3 c6 9. Be2 Be6 10. Qc2 Nd5 11. Bg3 Qa5 12. O-O Nxc3 13. bxc3 c5 14. Nd2 cxd4
15. cxd4 Nc6 16. Bf3 Rac8 17. Qb2 b6 18. Nb3 Qb4 19. Rac1 Na5 20. Qd2 Qxd2 21.
Nxd2 Rfd8 22. a3 Bf8 23. Be2 Rxc1 24. Rxc1 Rc8 25. Rc7 Rxc7 26. Bxc7 Bd7 27.
Ne4 f5 28. Nc3 e5 29. Bxe5 Bxa3 30. Nb5 Bxb5 31. Bxb5 Nb7 32. Bb8 Bd6 33. Bxa7
Bc7 34. f3 Kf7 35. Bc4+ Ke7 36. h4 1/2-1/2

[Event "39. Open Ciutat de Badalona 2013"]
[Site "Badalona ESP"]
[Date "2013.08.07"]
[Round "6.7"]
[White "Munoz Pantoja, Miguel"]
[Black "Ynojosa, Felix Jose"]
[Result "0-1"]
[WhiteElo "2456"]
[BlackElo "2405"]
[PlyCount "70"]
[EventDate "2013.08.02"]
[EventType "swiss"]
[EventRounds "9"]
[EventCountry "ESP"]
[SourceTitle "Ajedrez en Madrid"]
[Source "lmi"]
[SourceDate "2013.08.02"]
[SourceVersion "1"]
[SourceVersionDate "2018.07.18"]
[SourceQuality "1"]

1. e4 c5 2. Nf3 Nc6 3. d4 cxd4 4. Nxd4 e5 5. Nb5 d6 6. c4 Be7 7. N1c3 a6 8. Na3
Nf6 9. Nc2 O-O 10. Bd3 Nd7 11. Be3 Bg5 12. O-O Nc5 13. Be2 Bxe3 14. Nxe3 Nd4
15. b4 Nce6 16. Bg4 Kh8 17. Ncd5 b5 18. a4 bxc4 19. Nxc4 Rb8 20. Nce3 g6 21. f4
f5 22. exf5 gxf5 23. Bh3 Bb7 24. Rc1 Qd7 25. Rc4 Bxd5 26. Nxd5 Qb7 27. Nc7 Nxc7
28. fxe5 dxe5 29. Rc5 Nd5 30. Re1 Nf4 31. Rcxe5 Nxh3+ 32. Kf1 Qxb4 33. gxh3
Qc4+ 34. Kg2 Rg8+ 35. Kh1 Qc6+ 0-1

[Event "39. Open Ciutat de Badalona 2013"]
[Site "Badalona ESP"]
[Date "2013.08.07"]
[Round "6.8"]
[White "Garriga Cazorla, Pere"]
[Black "Fluvia Poyatos, Jordi"]
[Result "0-1"]
[WhiteElo "2130"]
[BlackElo "2447"]
[PlyCount "114"]
[EventDate "2013.08.02"]
[EventType "swiss"]
[EventRounds "9"]
[EventCountry "ESP"]
[SourceTitle "Ajedrez en Madrid"]
[Source "lmi"]
[SourceDate "2013.08.02"]
[SourceVersion "1"]
[SourceVersionDate "2018.07.18"]
[SourceQuality "1"]

1. Nf3 Nf6 2. c4 g6 3. g3 Bg7 4. Bg2 O-O 5. O-O d5 6. d4 dxc4 7. Qc2 Nc6 8.
Qxc4 Be6 9. Qa4 Nd5 10. Rd1 Nb6 11. Qc2 Nb4 12. Qd2 Nxa2 13. Ng5 Bd5 14. Nc3
Nxc3 15. bxc3 Bxg2 16. Kxg2 a5 17. Qf4 e5 18. Qe4 Qd5 19. Qxd5 Nxd5 20. Bb2 Nb6
21. Nf3 Nc4 22. Ba3 Nxa3 23. Rxa3 exd4 24. cxd4 b5 25. Rc1 a4 26. Rxc7 b4 27.
Ra1 Rfb8 28. Rcc1 b3 29. Rcb1 a3 30. e3 Bf8 31. Nd2 b2 32. Ra2 Rc8 33. Kf3 Rc2
34. Ne4 Rc1 35. Rbxb2 axb2 36. Rxb2 Rca1 37. Rb7 R1a7 38. Rb5 Kg7 39. h4 h5 40.
Ng5 Ra5 41. Rb2 Be7 42. Nh3 Rf5+ 43. Ke4 Re8 44. Kd3 Bd6 45. Ng5 Ra5 46. Rb6
Ra3+ 47. Kc4 Be7 48. Nh3 Bd8 49. Rb2 Kf8 50. Kd5 Ra5+ 51. Kc4 Bc7 52. Ng5 Rb8
53. Rc2 Bd8 54. Ne4 Rc8+ 55. Nc5 Be7 56. Kb4 Ra1 57. Kb3 Bxc5 0-1

[Event "39. Open Ciutat de Badalona 2013"]
[Site "Badalona ESP"]
[Date "2013.08.07"]
[Round "6.9"]
[White "Arenas, David"]
[Black "Barbero Sendic, Alejandro"]
[Result "1-0"]
[WhiteElo "2443"]
[BlackElo "2363"]
[PlyCount "95"]
[EventDate "2013.08.02"]
[EventType "swiss"]
[EventRounds "9"]
[EventCountry "ESP"]
[SourceTitle "Ajedrez en Madrid"]
[Source "lmi"]
[SourceDate "2013.08.02"]
[SourceVersion "1"]
[SourceVersionDate "2018.07.18"]
[SourceQuality "1"]

1. e4 e6 2. d4 d5 3. Nc3 Bb4 4. e5 c5 5. a3 Bxc3+ 6. bxc3 Qa5 7. Bd2 Qa4 8. Qb1
c4 9. h4 Nc6 10. h5 Bd7 11. g3 O-O-O 12. Ne2 f6 13. h6 gxh6 14. exf6 Nxf6 15.
Bxh6 Rhg8 16. Bg2 Rde8 17. Kf1 Qa5 18. a4 e5 19. dxe5 Rxe5 20. Qb5 Rge8 21.
Qxa5 Nxa5 22. Nd4 Ne4 23. Bf4 R5e7 24. Rh5 b6 25. Bxe4 dxe4 26. Nb5 Bxb5 27.
axb5 Rd7 28. Ke2 Ree7 29. Ke3 Kb7 30. Re5 Rxe5 31. Bxe5 Rd5 32. Kxe4 Rxb5 33.
Rh1 Nc6 34. Rxh7+ Ka6 35. f4 Rb1 36. Kd5 Kb5 37. Rc7 Rc1 38. Bd4 Nxd4 39. cxd4
a5 40. f5 Rf1 41. g4 a4 42. Ra7 Rf2 43. c3 a3 44. Ke6 a2 45. f6 Kc6 46. f7 b5
47. Ra6+ Kb7 48. Rxa2 1-0

[Event "39. Open Ciutat de Badalona 2013"]
[Site "Badalona ESP"]
[Date "2013.08.07"]
[Round "6.10"]
[White "Panelo, Marcelo"]
[Black "Vidarte Morales, Arturo"]
[Result "1-0"]
[WhiteElo "2438"]
[BlackElo "2351"]
[PlyCount "97"]
[EventDate "2013.08.02"]
[EventType "swiss"]
[EventRounds "9"]
[EventCountry "ESP"]
[SourceTitle "Ajedrez en Madrid"]
[Source "lmi"]
[SourceDate "2013.08.02"]
[SourceVersion "1"]
[SourceVersionDate "2018.07.18"]
[SourceQuality "1"]

1. d4 Nf6 2. c4 e6 3. Nf3 d5 4. g3 dxc4 5. Bg2 Bb4+ 6. Bd2 a5 7. Qc2 b5 8. a4
c6 9. axb5 Bxd2+ 10. Nfxd2 Nd5 11. Nxc4 O-O 12. Nc3 cxb5 13. Nxd5 exd5 14. Ne3
Be6 15. O-O Ra6 16. Qc5 Nd7 17. Qxb5 Rb6 18. Qxa5 Rxb2 19. Qc3 Rb5 20. Rfb1
Rxb1+ 21. Rxb1 Nf6 22. h3 h5 23. h4 Qd7 24. Bf3 g6 25. Rb6 Rc8 26. Qb4 Rd8 27.
Ng2 Kg7 28. Nf4 Bf5 29. Kg2 Qe8 30. Rb7 Qf8 31. Qb6 Qd6 32. Qa7 Rf8 33. Rb6 Qd8
34. Qa6 Bc8 35. Qb5 Bd7 36. Qc5 Bg4 37. Bxd5 Nxd5 38. Nxd5 Bxe2 39. Nf4 Qa8+
40. d5 Bg4 41. Kh2 Qa1 42. Qe7 Bf5 43. Rxg6+ Bxg6 44. Ne6+ Kh7 45. Nxf8+ Kh6
46. Nxg6 fxg6 47. Qf8+ Kh7 48. Qf7+ Kh6 49. d6 1-0

[Event "39. Open Ciutat de Badalona 2013"]
[Site "Badalona ESP"]
[Date "2013.08.08"]
[Round "7.1"]
[White "Valsecchi, Alessio"]
[Black "Fluvia Poyatos, Joan"]
[Result "0-1"]
[WhiteElo "2412"]
[BlackElo "2491"]
[PlyCount "60"]
[EventDate "2013.08.02"]
[EventType "swiss"]
[EventRounds "9"]
[EventCountry "ESP"]
[SourceTitle "Ajedrez en Madrid"]
[Source "lmi"]
[SourceDate "2013.08.02"]
[SourceVersion "1"]
[SourceVersionDate "2018.07.18"]
[SourceQuality "1"]

1. e4 c5 2. c3 d5 3. exd5 Qxd5 4. d4 Nf6 5. Nf3 Bg4 6. Nbd2 e6 7. Bc4 Qd7 8.
Qb3 a6 9. Ne5 Qc7 10. Qa4+ Nc6 11. Bb5 Rc8 12. Bxc6+ bxc6 13. Nxg4 Nxg4 14.
dxc5 Qe5+ 15. Qe4 Bxc5 16. h3 Nxf2 17. Qxe5 Nd3+ 18. Ke2 Nxe5 19. Ne4 Be7 20.
Bf4 Ng6 21. Nd6+ Bxd6 22. Bxd6 f6 23. Rhd1 Kf7 24. Rd4 e5 25. Ra4 Rhd8 26. Bc5
Nf4+ 27. Kf3 Rb8 28. Rb1 Rd3+ 29. Kf2 Rd2+ 30. Kf3 Rbd8 0-1

[Event "39. Open Ciutat de Badalona 2013"]
[Site "Badalona ESP"]
[Date "2013.08.08"]
[Round "7.2"]
[White "Vocaturo, Daniele"]
[Black "Dvirnyy, Danyyil"]
[Result "0-1"]
[WhiteElo "2549"]
[BlackElo "2549"]
[PlyCount "74"]
[EventDate "2013.08.02"]
[EventType "swiss"]
[EventRounds "9"]
[EventCountry "ESP"]
[SourceTitle "Ajedrez en Madrid"]
[Source "lmi"]
[SourceDate "2013.08.02"]
[SourceVersion "1"]
[SourceVersionDate "2018.07.18"]
[SourceQuality "1"]

1. e4 e5 2. Nf3 Nc6 3. Bb5 a6 4. Ba4 Nf6 5. O-O b5 6. Bb3 Bc5 7. a4 Rb8 8. Nxe5
Nxe5 9. d4 Bxd4 10. Qxd4 d6 11. f4 Nc6 12. Qc3 Bb7 13. axb5 axb5 14. e5 Ne4 15.
Qe3 Ne7 16. e6 f5 17. Nd2 O-O 18. Nxe4 Bxe4 19. Bd2 Rf6 20. Ra7 Rg6 21. g3 Bb7
22. Ba5 Qc8 23. Rd1 Ra8 24. Rxa8 Bxa8 25. Qa7 Bb7 26. Rd3 Kf8 27. Qd4 Be4 28.
Re3 c5 29. Qxd6 c4 30. Rxe4 fxe4 31. f5 Rf6 32. Bd8 Qb7 33. Bc7 Qc6 34. Qxc6
Nxc6 35. Ba2 Rxf5 36. b3 e3 37. Bf4 e2 0-1

[Event "39. Open Ciutat de Badalona 2013"]
[Site "Badalona ESP"]
[Date "2013.08.08"]
[Round "7.3"]
[White "Alsina Leal, Daniel"]
[Black "Panelo, Marcelo"]
[Result "1-0"]
[WhiteElo "2538"]
[BlackElo "2438"]
[PlyCount "103"]
[EventDate "2013.08.02"]
[EventType "swiss"]
[EventRounds "9"]
[EventCountry "ESP"]
[SourceTitle "Ajedrez en Madrid"]
[Source "lmi"]
[SourceDate "2013.08.02"]
[SourceVersion "1"]
[SourceVersionDate "2018.07.18"]
[SourceQuality "1"]

1. e4 e5 2. Nf3 Nc6 3. Bc4 Nf6 4. d4 exd4 5. e5 d5 6. Bb5 Ne4 7. Nxd4 Bc5 8.
Be3 Bxd4 9. Qxd4 O-O 10. Bxc6 bxc6 11. Nc3 Ng5 12. O-O-O Ne6 13. Qa4 Bd7 14.
Qa3 Qh4 15. f4 f5 16. g3 Qd8 17. Bc5 Re8 18. Ne2 Qb8 19. Nd4 a5 20. Nxe6 Bxe6
21. Rhe1 Qb5 22. Rd3 Rab8 23. Rc3 Qa6 24. Qa4 Rb5 25. Qd4 Qc8 26. h4 Rb8 27.
Ba3 Rb6 28. Rc5 Qa6 29. b3 Rd8 30. g4 Rf8 31. Qd2 Qc8 32. Rxa5 Rd8 33. gxf5
Bxf5 34. e6 Bxe6 35. Qd4 c5 36. Rxc5 Bf7 37. Rg1 Bg6 38. Rxd5 Rxd5 39. Qxd5+
Kh8 40. Re1 h6 41. Bb2 Qf8 42. f5 Rd6 43. Qe5 Bxf5 44. Ba3 Bg6 45. Bxd6 cxd6
46. Qc3 d5 47. Kb2 Qf2 48. Rd1 Be4 49. Rd2 Qb6 50. Qd4 Qa5 51. c4 dxc4 52. Qd7
1-0

[Event "39. Open Ciutat de Badalona 2013"]
[Site "Badalona ESP"]
[Date "2013.08.08"]
[Round "7.5"]
[White "Lorenzo De La Riva, Lazaro"]
[Black "Kjartansson, Gudmundur"]
[Result "0-1"]
[WhiteElo "2449"]
[BlackElo "2434"]
[PlyCount "172"]
[EventDate "2013.08.02"]
[EventType "swiss"]
[EventRounds "9"]
[EventCountry "ESP"]
[SourceTitle "Ajedrez en Madrid"]
[Source "lmi"]
[SourceDate "2013.08.02"]
[SourceVersion "1"]
[SourceVersionDate "2018.07.18"]
[SourceQuality "1"]

1. e4 d6 2. d4 Nf6 3. Nc3 g6 4. Be3 c6 5. Qd2 b5 6. Bd3 Nbd7 7. Nf3 Qc7 8. O-O
Bg7 9. h3 O-O 10. Ne2 c5 11. c3 Bb7 12. Ng3 e5 13. d5 c4 14. Bc2 Nc5 15. Bh6
Bc8 16. b4 cxb3 17. axb3 Bd7 18. Rfc1 a5 19. b4 axb4 20. Rxa8 Rxa8 21. cxb4
Bxh6 22. Qxh6 Na6 23. Bd1 Qd8 24. Qd2 Kg7 25. Qb2 Rc8 26. Ra1 Nc7 27. Nd2 Na8
28. Ra6 Nb6 29. Bb3 Ra8 30. Ra5 Ne8 31. Kh2 Rc8 32. Ne2 Qh4 33. Kg1 Nf6 34. Ng3
Ne8 35. Ra1 Qg5 36. Ra6 Qd8 37. Ngf1 Kg8 38. Ne3 Ra8 39. Ra5 Nf6 40. Bd1 Rc8
41. Ra6 Ra8 42. Qa3 Ne8 43. Qa5 Rxa6 44. Qxa6 Qb8 45. Bg4 Nc7 46. Qa1 Bxg4 47.
hxg4 h6 48. Nb3 Nc4 49. Qc1 Nxe3 50. Qxe3 Na6 51. Qc3 Qc7 52. Qxc7 Nxc7 53. Na1
f5 54. gxf5 gxf5 55. f3 Kf7 56. Nc2 f4 57. Kh2 Kf6 58. Ne1 Kg5 59. Kh3 Na8 60.
Nd3 Nb6 61. Nc1 Kh5 62. Nd3 Kg5 63. Nc1 Kh5 64. Nb3 Nc4 65. Na5 Kg5 66. Kh2 Ne3
67. Nc6 Nc4 68. Kh3 Kh5 69. Na7 Na3 70. Nc8 Nc4 71. Ne7 Ne3 72. Kh2 Kg5 73. Nc6
Nc4 74. Kg1 Kh4 75. Kf2 Kg5 76. Ne7 Ne3 77. g4 h5 78. gxh5 Kxh5 79. Ke2 Kh4 80.
Nc6 Nc4 81. Na5 Na3 82. Nb7 Nc4 83. Nd8 Kg3 84. Nc6 Na3 85. Nxe5 dxe5 86. d6
Nc2 0-1

[Event "39. Open Ciutat de Badalona 2013"]
[Site "Badalona ESP"]
[Date "2013.08.08"]
[Round "7.6"]
[White "Fluvia Poyatos, Jordi"]
[Black "Ynojosa, Felix Jose"]
[Result "1/2-1/2"]
[WhiteElo "2447"]
[BlackElo "2405"]
[PlyCount "77"]
[EventDate "2013.08.02"]
[EventType "swiss"]
[EventRounds "9"]
[EventCountry "ESP"]
[SourceTitle "Ajedrez en Madrid"]
[Source "lmi"]
[SourceDate "2013.08.02"]
[SourceVersion "1"]
[SourceVersionDate "2018.07.18"]
[SourceQuality "1"]

1. e4 c5 2. Nf3 Nc6 3. d4 cxd4 4. Nxd4 e5 5. Nb5 d6 6. N1c3 a6 7. Na3 b5 8. Nd5
Nce7 9. Bg5 Rb8 10. c4 b4 11. Nc2 a5 12. Bd3 h6 13. Bd2 Nxd5 14. cxd5 Nf6 15.
Ne3 Be7 16. a3 Nd7 17. axb4 axb4 18. Qa4 O-O 19. Bxb4 Qb6 20. Nc2 Nc5 21. Bxc5
Qxc5 22. b4 Qc3+ 23. Ke2 Bg5 24. Rhd1 Bb7 25. Qd7 Bxd5 26. exd5 e4 27. Bxe4
Rbe8 28. Kf1 Rxe4 29. Ne1 Qxb4 30. Nd3 Qc4 31. Qxd6 Rd8 32. Qc6 Rxd5 33. Qxc4
Rxc4 34. Nb2 Rxd1+ 35. Nxd1 g6 36. Ra2 Kg7 37. Ke2 h5 38. Ne3 Bxe3 39. Kxe3
1/2-1/2